Institutional self-study of the University of Florida : prepared for the Commission on Colleges and Universities, Southern Association of Colleges and Secondary Schools.

Bibliographic Details
Corporate Authors: University of Florida, Southern Association of Colleges and Secondary Schools. Commission on Colleges and Universities
Format: Book
Language:English
Published: Gainesville, [publisher not identified] ; 1962.
Subjects:

MARC

Tag First Indicator Second Indicator Subfields
LEADER 00000cam a2200000 4500
001 in00000615228
005 20151014165932.0
008 780519s1962 flue b 00010 eng
010 |a a 62009391  
035 |a (OCoLC)03911613 
035 |9 ACS5425AM 
040 |a DLC  |c TXA  |d UtOrBLW 
049 |a TXAM  |d [  |v = pt.]  |v 1 [458396]  |v 2 [458397]  |v 3 [458398]  |v 4 [458399] 
050 0 |a LD1782.9  |b .A25 
110 2 |a University of Florida. 
245 1 0 |a Institutional self-study of the University of Florida :  |b prepared for the Commission on Colleges and Universities, Southern Association of Colleges and Secondary Schools. 
264 1 |a Gainesville,  |b [publisher not identified] ;  |c 1962. 
300 |a 1 volume in 4 :  |b tables, plan (in pocket) ;  |c 28 cm. 
336 |a text  |b txt  |2 rdacontent 
337 |a unmediated  |b n  |2 rdamedia 
338 |a volume  |b nc  |2 rdacarrier 
500 |a Cover title: Institutional report, a self-evaluation study. 
500 |a Chapters 3 (Financial resources) 6 (Library) and 12 (Graduate program) are bound separately. 
504 |a Includes bibliographical references. 
610 1 0 |a University of Florida. 
710 1 |a Southern Association of Colleges and Secondary Schools.  |b Commission on Colleges and Universities. 
999 |a MARS 
999 f f |s 9e0df556-a511-3e35-b848-ee056f114f1c  |i 09e7e7ff-267b-347f-9d0c-3f62e60dd4fa  |t 0 
952 f f |p normal  |a Texas A&M University  |b College Station  |c Sterling C. Evans Library  |d Evans: Library Stacks  |t 0  |e LD1782.9 .A25  |h Library of Congress classification  |i unmediated -- volume  |k pt.3  |m A14803335825 
952 f f |p normal  |a Texas A&M University  |b College Station  |c Sterling C. Evans Library  |d Evans: Library Stacks  |t 0  |e LD1782.9 .A25  |h Library of Congress classification  |i unmediated -- volume  |k pt.4  |m A14803335833 
952 f f |p normal  |a Texas A&M University  |b College Station  |c Sterling C. Evans Library  |d Evans: Library Stacks  |t 0  |e LD1782.9 .A25  |h Library of Congress classification  |i unmediated -- volume  |k pt.2  |m A14803335817 
952 f f |p normal  |a Texas A&M University  |b College Station  |c Sterling C. Evans Library  |d Evans: Library Stacks  |t 0  |e LD1782.9 .A25  |h Library of Congress classification  |i unmediated -- volume  |k pt.1  |m A14803335809 
998 f f |a LD1782.9 .A25  |s pt.1-pt.4  |t 0  |l Evans: Library Stacks